| 000 | 01261cam a2200421 i 4500 | ||
|---|---|---|---|
| 999 |
_c4017 _d4017 |
||
| 001 | .b30705848 | ||
| 003 | OSt | ||
| 005 | 20241210120208.0 | ||
| 008 | 220605t20071998enka j 001 0 eng d | ||
| 020 |
_a9781407104195 _q(pbk.) |
||
| 035 | _a(StEdNL)4198555 | ||
| 035 | _a(Uk)013824083 | ||
| 035 | _a(UkLCURL)72013824083 | ||
| 038 | _aUk | ||
| 040 |
_aStDuBDS _beng _cStDuBDS _dStEdNL _dUk _dRDI _dKH8 |
||
| 042 | _anbic | ||
| 043 | _ae-uk--- | ||
| 082 | 0 | 4 |
_a941.07 DEA _222 |
| 100 | 1 |
_aDeary, Terry, _eauthor. |
|
| 245 | 1 | 0 |
_aGorgeous Georgians / _cTerry Deary ; illustrated by Martin Brown. |
| 264 | 1 |
_aLondon : _bScholastic, _c2007. |
|
| 264 | 4 | _c©1998. | |
| 300 |
_a104 pages : _billustrations ; _c20 cm. |
||
| 336 |
_atext _btxt _2rdacontent. |
||
| 337 |
_aunmediated _bn _2rdamedia. |
||
| 338 |
_avolume _bnc _2rdacarrier. |
||
| 490 | 0 | _aHorrible histories. | |
| 500 | _aOriginally published: 1998. | ||
| 500 | _aIncludes index. | ||
| 500 |
_aFormerly CIP. _5Uk. |
||
| 521 | 8 |
_a870L _bLexile. |
|
| 651 | 0 |
_aGreat Britain _xHistory _y18th century _vJuvenile literature. |
|
| 699 | _aEnglish reading Lexile 870. | ||
| 699 | _aEnglish reading range 801-900. | ||
| 700 | 1 |
_aBrown, Martin, _d1959- |
|
| 942 |
_2ddc _cNFIC |
||